000 00587nam a22002297a 4500
003 UA-OsUOA
001 25475
007 ta
008 20040416b un ||||| |||| 00| 0 ukr d
100 _aНауменко Наталія
090 _a82
_bН34
942 _cSA
040 _aUA-OsUOA
_bukr
_cUA-OsUOA
_dUA-OsUOA
245 _aВільний вірш у творчості Лесі Українки
300 _aС.6-8
955 _a0
041 _aukr
080 _a82
044 _aUA
773 0 _w0
_tДивослово
_dК.
_d2004
_g№4
650 7 _aЛітература
_2UDC
999 _c311773
_d311773